02319 a2200325 45000010006000000050017000060080041000230030015000640400040000790800022001192450036001412640033001773000019002105051319002290410008015481000021015567000029015777000023016067000023016297000026016527000022016787000028017007000026017287000030017547000030017847000032018147000026018467000027018728560094018994133620260407155707.0260407a2008 arg spa dAR-UNSa-BCEJYS aAR-UNSa-BCEJYSbspacAR-UNSa-BCEJYS a336.22xImpuestos10aRetenciones a las exportaciones 1aBuenos Aires :bLa Leyc2008 a103 p.c24 cm. a1. Las retenciones desde el punto de vista macroeconómico / Eduardo Conesa - 2. Las retenciones a las exportaciones: un mal instrumento de política económica / Raúl E. Cuello - 3. El conflicto entre el campo y la ciudad: economía, política y credibilidad / Juan Carlos De Pablo - 4. Las retenciones sobre las exportaciones, equidad económica y el principio de la capacidad contributiva / Marcelo R. Lascano - 5. La patología constitucional de las retenciones /Gregorio Badeni - 6. Acerca de los derechos de exportación, sus fundamentos legales e implicancias / Mario J. Bibiloni - 7. Reflexiones en torno a los derechos de exportación, su legitimidad y razonabilidad / Juan Patricio Cotter - 8. Las instituciones de la República y las retenciones / Jorge H. Damarco - 9. Retenciones, federalismo, República y derechos fundamentales / María Angélica Gelli - 10. Constitución y derechos de exportación / Andrés Gil Domínguez - 11. Retenciones a las exportaciones de productos primarios y sus derivados / Santiago A. Saenz Valiente - 12. Las retenciones a la exportación y la violación de los principios de reserva de ley, igualdad, no confiscatoriedad y seguridad jurídica / Rodolfo R. Spisso - 13. Las retenciones al agro y las vías judiciales / Maximiliano Toricelli  aspa1 aBadeni, Gregorio1 aLascano, Marcelo Ramón1 aBibiloni, Mario J.1 aConesa, Eduardo R.1 aCotter, Juan Patricio1 aCuello, Raúl E.1 aDamarco, Jorge Héctor1 aDe Pablo, Juan Carlos1 aGelli, María Angélica1 aGil Domínguez, Andrés1 aSaenz Valiente, Santiago A.1 aSpisso, Rodolfo Roque1 aToricelli, Maximiliano41uhttps://biblioeco.unsa.edu.ar/pmb/images/libros/E00035.jpgyImagen de portadaqimage/jpeg